Jugador como pelota, pelota como cancha: Torneos 1974-1992 (Record no. 852)
[ view plain ]
| 000 -LEADER | |
|---|---|
| campo de control de longitud fija | 00859nam a22002057a 4500 |
| 008 - DATOS DE LONGITUD FIJA--INFORMACIÓN GENERAL | |
| campo de control de longitud fija | 160215b xxu||||| |||| 00| 0 eng d |
| 082 ## - NÚMERO DE LA CLASIFICACIÓN DECIMAL DEWEY | |
| Número de clasificación | 720.103 |
| Número de ítem | C335j |
| 100 ## - ENTRADA PRINCIPAL--NOMBRE DE PERSONA | |
| Nombre de persona | Mujica, Felipe |
| 9 (RLIN) | 4665 |
| 245 ## - MENCIÓN DEL TÍTULO | |
| Título | Jugador como pelota, pelota como cancha: Torneos 1974-1992 |
| Resto del título | Mujica, Felipe |
| 260 ## - PUBLICACIÓN, DISTRIBUCIÓN, ETC. | |
| Lugar de publicación, distribución, etc. | Ciudad de Guatemala : |
| Nombre del editor, distribuidor, etc. | Archivo Histórico José Vial Armstrong Escuela de Arquitectura y Diseño PUCV |
| -- | Museo Experimental ELECO |
| -- | NuMu Nuevo Museo de Arte Contemporáneo |
| -- | TEOR/éTica arte + pensamiento |
| Fecha de publicación, distribución, etc. | 2015 |
| 300 ## - DESCRIPCIÓN FÍSICA | |
| Extensión | 117 p. |
| Otras características físicas | ill. |
| Dimensiones | 25 cm. |
| 500 ## - NOTA GENERAL | |
| Nota general | Textos en inglés y en español |
| 600 ## - PUNTO DE ACCESO ADICIONAL DE MATERIA--NOMBRE DE PERSONA | |
| Nombre de persona | Casanueva, Manuel |
| 9 (RLIN) | 4666 |
| 650 ## - PUNTO DE ACCESO ADICIONAL DE MATERIA--TÉRMINO DE MATERIA | |
| Término de materia o nombre geográfico como elemento de entrada | Arquitectura y Sociedad |
| 9 (RLIN) | 4667 |
| 650 ## - PUNTO DE ACCESO ADICIONAL DE MATERIA--TÉRMINO DE MATERIA | |
| Término de materia o nombre geográfico como elemento de entrada | Arquitectura |
| Subdivisión de forma | Eventos |
| 9 (RLIN) | 4668 |
| 650 ## - PUNTO DE ACCESO ADICIONAL DE MATERIA--TÉRMINO DE MATERIA | |
| Término de materia o nombre geográfico como elemento de entrada | Arte Moderno |
| 9 (RLIN) | 145 |
| 700 ## - ENTRADA AGREGADA--NOMBRE PERSONAL | |
| Nombre de persona | Gazmuri, Eugenia |
| 9 (RLIN) | 4670 |
| 700 ## - ENTRADA AGREGADA--NOMBRE PERSONAL | |
| Nombre de persona | Casanueva, Olivia |
| 9 (RLIN) | 4671 |
| 700 ## - ENTRADA AGREGADA--NOMBRE PERSONAL | |
| Nombre de persona | Hernández, Macarena |
| 9 (RLIN) | 4672 |
| Estatus retirado | Estado de pérdida | Fuente del sistema de clasificación o colocación | Estado de daño | No para préstamo | Biblioteca de origen | Biblioteca actual | Ubicación en estantería | Fecha de adquisición | Total de préstamos | Signatura topográfica completa | Código de barras | Visto por última vez | Fecha del último préstamo | Precio de reemplazo | Tipo de ítem Koha |
|---|---|---|---|---|---|---|---|---|---|---|---|---|---|---|---|
| Clasificación Decimal Dewey | Biblioteca LadoV | Biblioteca LadoV | 15/02/2016 | 2 | 720.103 C335j | 004148 | 26/06/2018 | 26/06/2018 | 15/02/2016 | Material 01 | |||||
| Clasificación Decimal Dewey | Biblioteca LadoV | Biblioteca LadoV | 02/12/2017 | 720.103 C335j | 004519 | 02/12/2017 | 02/12/2017 | Material 01 |
